NAFTA - integrace pro Ameriku
Charakteristika Zmluvy o vytvorení NAFTA - Severoamerická zóna voľného obchodu. Niektoré zásadné regulačné ustanovenia (dôležité i pre tretie krajiny). Podmienky vstupu do NAFTA. Názory na NAFTA. Perspektívy NAFTA. NAFTA a kontinentalizácia ZVO.
Salvato in:
| Autore principale: | |
|---|---|
| Natura: | Capitolo di libro |
| Lingua: | ceco |
| Soggetti: | |
| Tags: |
Nessun Tag, puoi essere il primo ad aggiungerne!!
|
MARC
| LEADER | 00000naa a2200000 4500 | ||
|---|---|---|---|
| 001 | r016253 | ||
| 005 | 20221205090526.2 | ||
| 041 | 0 | |a cze | |
| 044 | |a CZ | ||
| 245 | 1 | 0 | |a NAFTA - integrace pro Ameriku |c J. Lysoněk |
| 520 | |a Charakteristika Zmluvy o vytvorení NAFTA - Severoamerická zóna voľného obchodu. Niektoré zásadné regulačné ustanovenia (dôležité i pre tretie krajiny). Podmienky vstupu do NAFTA. Názory na NAFTA. Perspektívy NAFTA. NAFTA a kontinentalizácia ZVO. | ||
| 610 | 2 | 0 | |a oblasti obchodu voľného |
| 610 | 2 | 0 | |a USA |
| 610 | 2 | 0 | |a politika zahraničnoobchodná |
| 100 | 1 | |a Lysoněk, J. | |